LDR 00943naa#a2200193#i#450# 001 RU\\bibl\117876 005 20260601084855.1 011 ## _a2500-4026 100 ## _a20250331b2025####ek#y0rusy0150####ca 101 0# _aRUS 102 ## _aRU 200 1# _aПОДХОД К УПРАВЛЕНИЮ ВЫСЫЛКОЙ ПОЖАРНЫХ ПОДРАЗДЕЛЕНИЙ ПО ПОВЫШЕННЫМ РАНГАМ НА ЭТАПЕ ПРЕДВАРИТЕЛЬНОГО ПЛАНИРОВАНИЯ _eЖурнальная статья 210 1# _aЖелезногорск _cФГБОУ ВО Сибирская пожарно-спасательная академия ГПС МЧС России _d2025 215 ## _a13 с. 608 ## _aЖурнальная статья _2local 675 ## _aПрибытие. Разведка. Ведущие пожарные команды. 614.842.661 _zRUS 700 #1 _aУвалиев _gД С 700 #1 _aСоколов _gС В 856 4# _aapbt-sibpsa.editorum.ru _u